<?xml version="1.0" encoding="UTF-8"?>
<marc:record xmlns:marc="http://www.loc.gov/MARC21/slim">
   <marc:leader>00000nam a2200000 a 4500</marc:leader>
   <marc:datafield ind1="1" ind2=" " tag="100">
      <marc:subfield code="a">Erne,  Andrea</marc:subfield>
      <marc:subfield code="4">aut</marc:subfield>
      <marc:subfield code="e">Verfasser/-in</marc:subfield>
   </marc:datafield>
   <marc:datafield ind1="1" ind2=" " tag="100">
      <marc:subfield code="a">Humbach, Markus</marc:subfield>
      <marc:subfield code="4">aut</marc:subfield>
      <marc:subfield code="e">Verfasser/-in</marc:subfield>
   </marc:datafield>
   <marc:datafield ind1=" " ind2=" " tag="653">
      <marc:subfield code="a">Pappbilderbuch</marc:subfield>
   </marc:datafield>
   <marc:datafield ind1="0" ind2="0" tag="245">
      <marc:subfield code="a">Alles über Wasser</marc:subfield>
   </marc:datafield>
   <marc:datafield ind1="0" ind2="0" tag="245">
      <marc:subfield code="c">Illustration: Markus Humbach ; Text: Andrea Erne</marc:subfield>
   </marc:datafield>
   <marc:datafield ind1=" " ind2="1" tag="264">
      <marc:subfield code="a">Ravensburg</marc:subfield>
      <marc:subfield code="b">Ravensburger</marc:subfield>
      <marc:subfield code="c">2026</marc:subfield>
   </marc:datafield>
   <marc:datafield ind1="1" ind2=" " tag="490">
      <marc:subfield code="a">Wieso? Weshalb? Warum?</marc:subfield>
      <marc:subfield code="v">60</marc:subfield>
   </marc:datafield>
   <marc:datafield ind1="1" ind2=" " tag="520">
      <marc:subfield code="a">Quelle: bn.bibliotheksnachrichten (http://www.biblio.at/literatur/bn/index.html); #Autor: Alexandra Gölly-Liebich; #Solides und ansprechendes Sachbuch für Kinder aus einer namhaften Wissensbuchreihe. (ab 4) (JN)#»Alles über Wasser« ist ein Wissensbuch für Kinder im Alter von vier bis sieben. Es stammt aus der bekannten und beliebten Kinderbuchreihe »Wieso Weshalb Warum?«, die dafür steht, auch komplexe Themen für Kinder spannend und ansprechend aufzubereiten. So verhält es sich auch hier. Es wird erklärt, wieso Wasser für alle Lebewesen notwendig ist, welche Arten und Erscheinungsformen es gibt, wo es überall zu finden ist und woher es eigentlich kommt.#Die grundsätzlichen Fragen werden zu Beginn geklärt. Darauf aufbauend werden Abwasser und Kläranlagen, Ebbe und Flut sowie Flüsse und Meere thematisiert. Der Klimawandel und damit einhergehende Gefahren für uns Menschen werden besprochen. Mit bunten Bildern und vielen Klappen wird Kindern vor Augen geführt, wofür sie jeden Tag Wasser benötigen, welche Tiere darin leben und warum man es sauber halten muss.#Das Buch erfüllt einen wichtigen Bildungsauftrag, ohne dabei trocken oder belehrend zu sein. Die etablierte Reihe stammt aus dem Hause Ravensburger und zählt schon über 60 Bände für Kinder im Alter von vier bis sieben. Darüber hinaus gibt es eine Junior-Reihe, Sonderbände, Stickerhefte, Aktivhefte und Spiele. Ganz gleich, welches Thema man sich mit Kindern aneignen will, die »Wieso Weshalb Warum?«-Reihe ist immer eine gute Wahl, um sich Überblickswissen zu verschaffen. Hervorzuheben sind auch die Bemühungen um Diversität: Menschen mit Behinderungen werden abgebildet und Geschlechterstereotype bekämpft.#Eine echte Bereicherung für jede Bücherei und jeden Haushalt!</marc:subfield>
   </marc:datafield>
   <marc:datafield ind1=" " ind2=" " tag="020">
      <marc:subfield code="a">9783473600915</marc:subfield>
      <marc:subfield code="9">9783473600915</marc:subfield>
   </marc:datafield>
   <marc:datafield ind1=" " ind2=" " tag="041">
      <marc:subfield code="a">ger</marc:subfield>
   </marc:datafield>
   <marc:datafield ind1=" " ind2=" " tag="300">
      <marc:subfield code="a">14 ungezählte Seiten</marc:subfield>
   </marc:datafield>
</marc:record>
